Double Entry Book Keeping-XI (Record no. 11232)

MARC details
000 -LEADER
fixed length control field 00264nam a22000977a 4500
008 - FIXED-LENGTH DATA ELEMENTS--GENERAL INFORMATION
fixed length control field 181106b ||||| |||| 00| 0 eng d
020 ## - INTERNATIONAL STANDARD BOOK NUMBER
International Standard Book Number 9788183507813
100 ## - MAIN ENTRY--PERSONAL NAME
Personal name Grewals,T.S.
9 (RLIN) 3993
245 ## - TITLE STATEMENT
Title Double Entry Book Keeping-XI
260 ## - PUBLICATION, DISTRIBUTION, ETC. (IMPRINT)
Place of publication, distribution, etc. New Delhi
Name of publisher, distributor, etc. Sultan Chand
Date of publication, distribution, etc. 2018
Holdings
Withdrawn status Lost status Source of classification or shelving scheme Damaged status Koha normalized classification for sorting Not for loan Home library Current library Shelving location Date acquired Total Checkouts Total Renewals Full call number Barcode Date last seen Date last checked out Price effective from Koha item type
    Dewey Decimal Classification   657_000000000000000   Good Samaritan School Library Good Samaritan School Library Accountancy 11/06/2018 5 1 657 GRE15187 11/27/2025 11/26/2025 11/06/2018 BOOK

Powered by Koha